[Event "POL-chT U19 2nd League"]
[Site "Iwonicz"]
[Date "2016.07.31"]
[Round "5.64"]
[White "Sloniewska, Agata"]
[Black "Tomkiewicz, Szymon"]
[Result "1-0"]
[WhiteElo "1028"]
[BlackElo "1268"]
[PlyCount "79"]
[EventDate "2016.07.23"]
[EventType "team-swiss"]
[EventRounds "11"]
[EventCountry "POL"]
[SourceTitle "EXT 2019"]
[Source "ChessBase"]
[SourceDate "2018.10.10"]
[SourceVersion "1"]
[SourceVersionDate "2018.10.10"]
[SourceQuality "1"]
[WhiteTeam "Zielonka Zieloni U20"]
[BlackTeam "Brzozow UKS SP 1 U19"]
[WhiteTeamCountry "POL"]
[BlackTeamCountry "POL"]

1. c4 e5 2. g3 Nf6 3. Bg2 d5 4. cxd5 Nxd5 5. Nc3 c6 6. e3 Bf5 7. e4 Nxc3 8. bxc3 Bg6 9. Ne2 Bc5 10. d4 exd4 11. cxd4 Bb4+ 12. Bd2 Bxd2+ 13. Qxd2 0-0 14. 0-0 Re8 15. Nc3 c5 16. d5 Nd7 17. Rfe1 f5 18. f3 fxe4 19. fxe4 Qb6 20. Kh1 Rad8 21. Na4 Qa6 22. Qc2 b6 23. Qb3 Ne5 24. Nb2 Bf7 25. Bf1 Qc8 26. Nc4 Nf3 27. Qxf3 Re7 28. d6 Ree8 29. e5 Rf8 30. Qe3 Bd5+ 31. Kg1 Bb7 32. e6 Qc6 33. Qe4 Qxe4 34. Rxe4 Bxe4 35. e7 Rxf1+ 36. Rxf1 Rb8 37. d7 Bc6 38. d8Q+ Rxd8 39. exd8Q+ Be8 40. Qxe8# 1-0

[Event "POL-chT U19 2nd League"]
[Site "Iwonicz"]
[Date "2016.07.31"]
[Round "11.76"]
[White "Sloniewska, Agata"]
[Black "Zaborowski, Maciej"]
[Result "1-0"]
[WhiteElo "1028"]
[BlackElo "1118"]
[PlyCount "73"]
[EventDate "2016.07.23"]
[EventType "team-swiss"]
[EventRounds "11"]
[EventCountry "POL"]
[SourceTitle "EXT 2019"]
[Source "ChessBase"]
[SourceDate "2018.10.10"]
[SourceVersion "1"]
[SourceVersionDate "2018.10.10"]
[SourceQuality "1"]
[WhiteTeam "Zielonka Zieloni U20"]
[BlackTeam "Minsk Mazowiecki MTSz U19"]
[WhiteTeamCountry "POL"]
[BlackTeamCountry "POL"]

1. c4 e5 2. g3 c6 3. Bg2 Nf6 4. Nc3 d5 5. cxd5 Nxd5 6. e4 Nxc3 7. bxc3 Bc5 8. d3 0-0 9. Ne2 Bg4 10. h3 Bh5 11. 0-0 Qd7 12. Be3 Bxe3 13. fxe3 Rd8 14. d4 h6 15. Qc2 Bxe2 16. Qxe2 exd4 17. exd4 Qe6 18. Qh5 Nd7 19. e5 Rf8 20. Be4 Qc4 21. Rf3 Qe2 22. Bd3 Qd2 23. Raf1 Qxa2 24. Qf5 g6 25. Qxd7 Qb3 26. Be4 Rad8 27. Qg4 h5 28. Qg5 Qe6 29. Bf5 Qe8 30. Bd3 Rd7 31. Bf5 Rd8 32. Bxg6 fxg6 33. Rxf8+ Qxf8 34. Rxf8+ Rxf8 35. Qxg6+ Kh8 36. e6 Rg8 37. Qh6# 1-0